000 00915 a2200229 4500
005 20251219104305.0
008 251219b |||||||| |||| 00| 0 eng d
020 _a8177021389 (hbk)
037 _cTB
040 _aCRL
_cCRL
041 _2hin
_ahin
_hsan
084 _aO15,1N27x P7
_qCRL
100 _aशर्मा, रामकरण
_9821577
245 _aकरुणा
260 _aदिल्ली, भारत:
_bप्रतिभा प्रकाशन,
_c2007.
300 _a143पृ.
365 _b300.00
_cINR
650 _aसंस्कृत साहित्य
_9857950
650 _aसंस्कृत कविता
_9857951
942 _cTB
_2CC
_n0
_hO15,1N27x P7
999 _c1435564
_d1435564